Từ điển tiếng anh thương mại : Dành cho người học tiếng Anh = Business English dictionary : For learners of English

Guardat en:
Dades bibliogràfiques
Autor principal: Nguyễn, Quốc Hùng
Format: Llibre
Idioma:Undetermined
Publicat: Tp. HCM Thế Giới 2001
Matèries:
Etiquetes: Afegir etiqueta
Sense etiquetes, Sigues el primer a etiquetar aquest registre!
Thư viện lưu trữ: Trung tâm Học liệu Trường Đại học Cần Thơ
LEADER 00639nam a2200181Ia 4500
001 CTU_48472
008 210402s9999 xx 000 0 und d
082 |a 380.3 
082 |b H513 
100 |a Nguyễn, Quốc Hùng 
245 0 |a Từ điển tiếng anh thương mại : Dành cho người học tiếng Anh 
245 0 |b = Business English dictionary : For learners of English 
245 0 |c Nguyễn Quốc Hùng 
260 |a Tp. HCM 
260 |b Thế Giới 
260 |c 2001 
650 |a business english - textbooks for foreign speakers 
980 |a Trung tâm Học liệu Trường Đại học Cần Thơ